| 000 | 00683nam a22001337a 4500 | ||
|---|---|---|---|
| 040 | _cRUA | ||
| 082 | _aFOR CHE 2009 B138 Or.1 | ||
| 100 | _aCHEAT, VICHET. | ||
| 245 | _aVulture conservation at northeastern cambodia, siem pang district, stung treng provine, ការអភិរក្សសត្វត្មាតនៅភូមិភាគឦសាននៃប្រទេសកម្ពុជា ក្នុងស្រុកសៀមប៉ាង ខេត្តស្ទឹងត្រែង | ||
| 260 |
_aPhnom Penh _bRUA _c2009 |
||
| 300 |
_axiv; 64p. _bill. _c29cm. |
||
| 856 | _uhttps://drive.google.com/file/d/16qir9VO2PKMG-KCRoFRPRs6QXvTKVuYE/view?usp=sharing | ||
| 942 | _cFOR | ||
| 999 |
_c3403 _d3403 |
||